=LDR 00000nam 2200000 4500 =001 INLIS000000000021858 =005 20200819093159 =035 ##$$a 0010-061300000021858 =008 200819################g##########0#ind## =041 ##$$a Ind =082 ##$$a 2x7.23 =090 ##$$a 2x7.23, Mah b =100 ##$$a Mahalli, Ahmad Mudjab =245 1#$$a Buku pintar para da'i /$c Ahmad Mudjab Mahalli =260 ##$$a Surabaya :$b Duta Ilmu,$c 1995 =300 ##$$a 744 hlm, ; $c 24 x 16 cm. =650 #4$$a Dakwah Islam =850 ##$$a NBPNMAT =084 ##$$a 2x7.23 MAH b =990 ##$$a 10401177 =990 ##$$a 10401178